MARC

LEADER 00000cam a2200000 7i4500
001 0000002716
005 20031119.0
090 0 0 |a FAO634.909597   |b NGU 1997 
100 1 0 |a NGUYEN   |h Tuong Van 
245 1 0 |a Country report :   |b Vietnam   |c by Nguyen Tuong Van 
260 0 0 |a Rome :   |b Food and Agriculture Organization of the United Nations ,   |c 1997 
300 |a 26 p. ;   |c 30 cm. 
440 0 0 |a Asia-Pacific forestry sector outlook study working paper series no. APFSOS/WP/31 
650 0 0 |a Forests and forestry   |z Vietnam 
710 1 1 |a Food and Agriculture Organization of the United Nations (FAO) 
998 |a JPSM 
999 |a 0000004778   |b Monograph   |c Food and Agriculture Organization   |e Default branch 
999 |a 0000004779   |b Monograph   |c Food and Agriculture Organization   |e Default branch